| 000 | 00692nam a2200241 a 4500 | ||
|---|---|---|---|
| 001 | BRCA_5243 | ||
| 005 | 20190320205011.0 | ||
| 008 | 291110s1921----gw-a######---#000-0#ger-# | ||
| 041 | _ager | ||
| 044 | _agw | ||
| 050 | 4 |
_aND673.B7 _b.F75 1921 |
|
| 100 | 1 |
_aFriedländer, Max J. _d1867-1958 _913434 |
|
| 245 | 1 | 0 |
_aPieter Bruegel _cMax J. Friedländer. |
| 260 |
_aBerlín _bPropyläen _cc1921 |
||
| 300 |
_a202 p. _bil., 101 láminas _c26 cm. |
||
| 440 | 0 |
_aDie führenden Meister _913435 |
|
| 500 | _aIncluye índice de ilustraciones | ||
| 500 | _aE63 | ||
| 600 | 1 | 4 |
_aBruegel, Pieter _cEl viejo _d1525-1569 _913436 |
| 650 | 1 | 4 |
_aPintores flamencos _97571 |
| 902 | _aGFM | ||
| 942 |
_2lcc _cB |
||
| 999 |
_c4937 _d4937 |
||